[Event "Moscow Dvorkovich Cup U16 9th"]
[Site "Moscow"]
[Date "2014.06.29"]
[Round "2.7"]
[White "Sarana, Alexey"]
[Black "Stojiljkovic, Stefan Z"]
[Result "1-0"]
[WhiteElo "2355"]
[BlackElo "2085"]
[PlyCount "91"]
[EventDate "2014.06.28"]
[EventType "team-tourn"]
[EventRounds "7"]
[EventCountry "RUS"]
[SourceTitle "CBM 161 Extra"]
[Source "ChessBase"]
[SourceDate "2014.08.29"]
[SourceVersion "1"]
[SourceVersionDate "2014.08.29"]
[SourceQuality "1"]
[WhiteTeam "Russia U16"]
[BlackTeam "Serbia U16"]
[WhiteTeamCountry "RUS"]
[BlackTeamCountry "SRB"]

1. e4 c5 2. Nf3 d6 3. d4 cxd4 4. Nxd4 Nf6 5. Nc3 g6 6. Be3 Bg7 7. f3 0-0 8. Bc4 Nc6 9. Qd2 Bd7 10. 0-0-0 Rb8 11. Bh6 b5 12. Bxg7 Kxg7 13. Nxc6 Bxc6 14. Bd5 Bd7 15. h4 h5 16. g4 b4 17. Ne2 Qa5 18. gxh5 Nxh5 19. Kb1 e6 20. Bb3 Rb6 21. Rhg1 Ba4 22. Rg5 Rb5 23. Qd4+ f6 24. Bxa4 e5 25. Qxd6 fxg5 26. Qd7+ Rf7 27. Qxb5 Qxb5 28. Bxb5 gxh4 29. Ng1 Nf4 30. Bd7 Kh6 31. Bg4 a5 32. c4 bxc3 33. bxc3 a4 34. Kc2 Ng2 35. Rd7 Rf6 36. Nh3 Ne1+ 37. Kd2 Nxf3+ 38. Bxf3 Rxf3 39. Rh7+ Kxh7 40. Ng5+ Kh6 41. Nxf3 Kh5 42. c4 h3 43. c5 g5 44. c6 g4 45. c7 gxf3 46. c8Q 1-0

[Event "SRB-chT2 South"]
[Site "Nis"]
[Date "2013.10.21"]
[Round "8.1"]
[White "Djukic, Nebojsa"]
[Black "Stojiljkovic, Stefan Z"]
[Result "1-0"]
[WhiteElo "2177"]
[BlackElo "2051"]
[PlyCount "117"]
[EventDate "2013.10.17"]
[EventType "team-swiss"]
[EventRounds "8"]
[EventCountry "SRB"]
[SourceTitle "EXT 2015"]
[Source "ChessBase"]
[SourceDate "2014.11.20"]
[SourceVersion "1"]
[SourceVersionDate "2014.11.20"]
[SourceQuality "1"]

1. e4 c6 2. d4 d5 3. exd5 cxd5 4. Bd3 Nf6 5. c3 Nc6 6. Bf4 g6 7. Nd2 Bg7 8. Ngf3 0-0 9. h3 Re8 10. 0-0 Nh5 11. Bh2 e5 12. dxe5 Nxe5 13. Bxe5 Bxe5 14. Nxe5 Rxe5 15. Nf3 Re7 16. Qd2 Qc7 17. Rfe1 Be6 18. Qh6 Rae8 19. Re3 Bc8 20. Rae1 Nf6 21. Rxe7 Rxe7 22. Rxe7 Qxe7 23. Qh4 Kg7 24. Qd4 b6 25. b4 Kg8 26. Qe5 Kf8 27. Qb8 Qb7 28. Qxb7 Bxb7 29. Kf1 Ke7 30. Ke2 Nd7 31. h4 f5 32. g3 Kf6 33. Ke3 h6 34. Bb5 Nf8 35. Nd4 g5 36. hxg5+ hxg5 37. Bd3 Bc8 38. Nc6 Ne6 39. Nxa7 f4+ 40. gxf4 gxf4+ 41. Ke2 Bb7 42. Nb5 Ng5 43. Nd6 Bc6 44. Nc8 Nh3 45. Ke1 Ng1 46. Nxb6 Nf3+ 47. Ke2 d4 48. c4 Ne5 49. b5 Bf3+ 50. Kd2 Bh5 51. Nd5+ Kg5 52. b6 Be8 53. b7 Nc6 54. Nc7 Bf7 55. Na6 Kg4 56. b8Q Nxb8 57. Nxb8 Kf3 58. Ke1 Be8 59. c5 1-0

[Event "SRB-chT2 South"]
[Site "Nis"]
[Date "2013.10.20"]
[Round "7.1"]
[White "Stojiljkovic, Stefan Z"]
[Black "Marjanovic, Zvezdan"]
[Result "1-0"]
[WhiteElo "2051"]
[BlackElo "2070"]
[PlyCount "115"]
[EventDate "2013.10.17"]
[EventType "team-swiss"]
[EventRounds "8"]
[EventCountry "SRB"]
[SourceTitle "EXT 2015"]
[Source "ChessBase"]
[SourceDate "2014.11.20"]
[SourceVersion "1"]
[SourceVersionDate "2014.11.20"]
[SourceQuality "1"]

1. e4 d5 2. exd5 Qxd5 3. Nc3 Qd6 4. Nf3 Bg4 5. Be2 Nf6 6. h3 Bh5 7. 0-0 e6 8. b3 c6 9. a4 Qc7 10. Nh2 Bg6 11. Ng4 Nbd7 12. d3 Bd6 13. Bf3 Nxg4 14. Bxg4 Nf6 15. Bf3 Bh2+ 16. Kh1 Be5 17. Bb2 Qa5 18. Qe1 Bd4 19. Nd1 Qd8 20. Qb4 Bxb2 21. Nxb2 Qe7 22. Qxe7+ Kxe7 23. a5 a6 24. Na4 Kd6 25. Rfe1 Rad8 26. b4 Kc7 27. Nc5 Nd7 28. Nb3 Nf6 29. Reb1 e5 30. Nc5 Nd7 31. Rb3 Nxc5 32. bxc5 f5 33. Rab1 Rb8 34. Rb4 Rhe8 35. g4 f4 36. Be4 Bxe4+ 37. Rxe4 Rbd8 38. Rbe1 Rd5 39. d4 Red8 40. dxe5 Rxc5 41. Rxf4 Rd7 42. e6 Re7 43. Rf7 Kd6 44. f4 Rxe6 45. Rxe6+ Kxe6 46. Rxg7 h5 47. Rg5 Rxc2 48. gxh5 Rf2 49. Rg4 Rd2 50. h6 Rd8 51. h7 Rh8 52. Rg7 c5 53. Rxb7 Kd6 54. Kg2 Kd5 55. Kf3 Kd4 56. Rd7+ Kc3 57. Kg4 c4 58. Kg5 1-0

[Event "Nis Art Faculty op"]
[Site "Nis"]
[Date "2013.08.03"]
[Round "1"]
[White "Andjelkovic, Danijela"]
[Black "Stojiljkovic, Stefan Z"]
[Result "0-1"]
[WhiteElo "970"]
[BlackElo "2033"]
[PlyCount "132"]
[EventDate "2013.08.03"]
[EventType "swiss"]
[EventRounds "7"]
[EventCountry "SRB"]
[SourceTitle "EXT 2015"]
[Source "ChessBase"]
[SourceDate "2014.11.20"]
[SourceVersion "1"]
[SourceVersionDate "2014.11.20"]
[SourceQuality "1"]

1. e4 c5 2. Nf3 d6 3. Nc3 Nf6 4. g3 Nc6 5. Bg2 g6 6. 0-0 Bg7 7. d3 0-0 8. Be3 Ng4 9. Bd2 Bd7 10. Nd5 e6 11. Ne3 Nxe3 12. Bxe3 Rb8 13. c3 b5 14. Rb1 b4 15. Qd2 bxc3 16. bxc3 Qa5 17. c4 Qxd2 18. Bxd2 Nd4 19. h4 Ba4 20. Nxd4 Bxd4 21. Be3 Bxe3 22. fxe3 Bc2 23. Rbc1 Ba4 24. Rf2 Rfd8 25. d4 Rb4 26. Rd2 Rdb8 27. Rf2 cxd4 28. exd4 Rc8 29. Bf1 d5 30. exd5 exd5 31. Rf3 dxc4 32. Rfc3 Bb5 33. Kf2 a5 34. Ke3 Re8+ 35. Kf4 Rb2 36. R1c2 Rb1 37. Bxc4 Bxc4 38. Rxc4 h5 39. Kf3 Kg7 40. d5 Rd1 41. Rc5 a4 42. Ra5 Rd3+ 43. Kf2 a3 44. Re2 Rd8 45. Re3 Rd2+ 46. Re2 R8xd5 47. Rxa3 R2d3 48. Rxd3 Rxd3 49. Re3 Rd2+ 50. Re2 Rd1 51. a3 Ra1 52. Re3 Kf6 53. Ke2 Kf5 54. Rf3+ Kg4 55. Rd3 Ra2+ 56. Ke1 f5 57. Kf1 Rc2 58. Ke1 Rc4 59. Kf2 f4 60. Kg2 Rc2+ 61. Kg1 fxg3 62. Rd4+ Kh3 63. Rd1 Ra2 64. Kf1 Kh2 65. a4 g2+ 66. Ke1 g1R# 0-1

[Event "SRB-ch U16"]
[Site "Vrnjacka Banja"]
[Date "2013.05.04"]
[Round "6"]
[White "Danilovic, Dalibor"]
[Black "Stojiljkovic, Stefan Z"]
[Result "0-1"]
[WhiteElo "1716"]
[BlackElo "2037"]
[PlyCount "48"]
[EventDate "2013.04.30"]
[EventType "swiss"]
[EventRounds "9"]
[EventCountry "SRB"]
[SourceTitle "CBM 154 Extra"]
[Source "ChessBase"]
[SourceDate "2013.06.25"]
[SourceVersion "2"]
[SourceVersionDate "2013.06.25"]
[SourceQuality "1"]

1. e4 c6 2. d4 d5 3. e5 Bf5 4. h4 h6 5. g4 Bd7 6. c4 e6 7. Bf4 Qb6 8. Qb3 Qxd4 9. Be3 Qxe5 10. Qxb7 d4 11. Nf3 Qd6 12. Bd2 c5 13. Qxa8 Bc6 14. Qxa7 Bxf3 15. Rh3 Qe5+ 16. Be3 dxe3 17. Rxf3 exf2+ 18. Kxf2 Nf6 19. Bh3 Bd6 20. Nc3 0-0 21. Rd1 Nc6 22. Qb6 Nd4 23. Rxd4 cxd4 24. Ne2 Bc5 0-1

[Event "SRB-ch U16"]
[Site "Vrnjacka Banja"]
[Date "2013.05.04"]
[Round "7"]
[White "Stojiljkovic, Stefan Z"]
[Black "Kuzmanovic, Aleksa"]
[Result "1-0"]
[WhiteElo "2037"]
[BlackElo "1755"]
[PlyCount "83"]
[EventDate "2013.04.30"]
[EventType "swiss"]
[EventRounds "9"]
[EventCountry "SRB"]
[SourceTitle "CBM 154 Extra"]
[Source "ChessBase"]
[SourceDate "2013.06.25"]
[SourceVersion "2"]
[SourceVersionDate "2013.06.25"]
[SourceQuality "1"]

1. g3 Nf6 2. Bg2 d5 3. Nf3 g6 4. 0-0 Bg7 5. c4 0-0 6. cxd5 Nxd5 7. Nc3 Nb6 8. d3 Nc6 9. h3 h6 10. Kh2 Be6 11. Be3 Nb4 12. Qd2 Kh7 13. Rfc1 c6 14. h4 N4d5 15. Bd4 Nf6 16. Kg1 Re8 17. Bxf6 exf6 18. Ne4 Bd5 19. Nc5 Qe7 20. e4 Be6 21. Nxe6 fxe6 22. Bh3 h5 23. Qe2 e5 24. Nh2 Rad8 25. Rd1 Na4 26. g4 hxg4 27. Bxg4 Qb4 28. h5 g5 29. Bf5+ Kh8 30. h6 Bf8 31. Qh5 Qe7 32. Bg6 Nc5 33. Bxe8 Rxe8 34. Qg6 Qe6 35. f3 Nd7 36. Ng4 Bc5+ 37. Kg2 Rg8 38. Qf5 Qe7 39. h7 Rg7 40. Rh1 Bb6 41. Rh6 Bd8 42. Rg6 1-0